000 00851cam a22002774a 4500
001 16521486
005 20180220031748.0
008 101027s2012 maua b 001 0 eng
010 _a 2010046060
020 _a9780132111751 (alk. paper)
020 _a0132111756 (alk. paper)
035 _a(DNLM)101545828
040 _aDNLM/DLC
_cDLC
_dDLC
041 _aeng
042 _apcc
060 1 0 _aWY 159
080 _a618.9200231 BAL
082 0 0 _a618.9200231 BAL
_222
100 1 _a3
101 _aINF
245 1 0 _aPrinciples of pediatric nursing :
_cJane W. Ball, Ruth C. Bindler, and Kay J. Cowen.
504 _aIncludes bibliographical references and index.
906 _a7
_bcbc
_corignew
_d1
_eecip
_f20
_gy-gencatlg
942 _2ddc
_cBK
999 _c42856
_d42856